NBA Teams That Have Never Won a Championship! - Statistics

General Stats
  • This quiz has been taken 33 times
  • The average score is 11 of 11
Answer Stats
Hint Answer % Correct
Longtime "other" LA team, known for bad luck and blown leads Clippers
100%
Expansion team owned by Michael Jordan for years Hornets
100%
Stockton & Malone fell short vs. Jordan’s Bulls (1997, 1998) Jazz
100%
Shaq and Dwight Howard both led them to the Finals but fell short Magic
100%
Lost back-to-back Finals with Jason Kidd Nets
100%
Anthony Davis and Zion, but no Finals yet Pelicans
100%
Kevin Garnett led them to their only Conference Finals (2004) Timberwolves
100%
Started in Vancouver, known for Grit & Grind era Grizzlies
97%
Lost Finals in 1976, 1993 (Charles Barkley), and 2021 (Chris Paul) Suns
97%
Dominated the ABA, but only one NBA Finals appearance (2000) Pacers
90%
2002 Western Conference Finals controversy vs. Lakers Kings
79%
No matching quizzes found
Score Distribution
Percent of People with Each Score
Percentile by Number Answered
Your Score History
You have not taken this quiz